[Event "Irish Championship 2019"]
[Site "Dublin IRL"]
[Date "2019.08.09"]
[Round "7.4"]
[White "Fitzsimons, David"]
[Black "Brady, Stephen"]
[Result "0-1"]
[WhiteTitle "IM"]
[BlackTitle "FM"]
[WhiteElo "2317"]
[BlackElo "2282"]
[WhiteICU "2348"]
[BlackICU "2261"]
[WhiteClub "Elm Mount"]
[BlackClub "St. Benildus"]
[WhiteNationality "IRL"]
[BlackNationality "IRL"]
[WhiteFideId "2501961"]
[BlackFideId "2500124"]
[PlyCount "108"]
[Venue "Talbot Hotel, Stillorgan"]
[EventDate "2019.08.03"]

{ Event information: <a
href="http://www.irlchess.com/pairings_irlch2019.html">Tournament
report</a>. }

1. e4 d6 2. d4 Nf6 3. Nc3 g6 4. Be3 c6 5. Nf3 b5 6. e5 Ng4 7. Bf4 dxe5 8.
Nxe5 Nxe5 9. Bxe5 f6 10. Bg3 Na6 11. Be2 Bh6 12. Bf3 Nb4 13. Nxb5 cxb5 14.
Bxa8 Bf5 15. O-O Qxa8 16. c3 Nd5 17. a4 b4 18. Qb3 bxc3 19. bxc3 Nf4 20.
Bxf4 Bxf4 21. Rfe1 Qb8 22. Qb5+ Bd7 23. Qxb8+ Bxb8 24. Rab1 Kf7 25. Rb7 Rd8
26. c4 Kf8 27. d5 Bd6 28. a5 a6 29. Ra7 Bc5 30. Rc7 Bd6 31. Rb7 Bf5 32. Rc1
Bc5 33. Rc3 Rc8 34. Rcb3 Bd6 35. Rc3 Be4 36. Rb6 Bxd5 37. Rxa6 Be5 38. Rc2
Be4 39. Rc1 Bb2 40. Re1 Rxc4 41. h4 Ra4 42. Ra7 Bc3 43. Rc1 Rxa5 44. Rxa5
Bxa5 45. h5 g5 46. Rc4 Bb7 47. Ra4 Bc3 48. Ra7 Bd5 49. Rd7 Be6 50. Rd3 Be5
51. f3 Bg3 52. Rd8+ Kg7 53. Re8 Bd6 54. Kf2 Bf7 0-1

[Event "Irish Championship 2019"]
[Site "Dublin IRL"]
[Date "2019.08.09"]
[Round "7.5"]
[White "Li, Henry"]
[Black "Daly, Colm"]
[Result "1-0"]
[WhiteTitle "FM"]
[BlackTitle "FM"]
[WhiteElo "2287"]
[BlackElo "2213"]
[WhiteICU "2248"]
[BlackICU "2194"]
[WhiteClub "Gonzaga"]
[BlackClub "Bray/Greystones"]
[WhiteNationality "IRL"]
[BlackNationality "IRL"]
[WhiteFideId "2508524"]
[BlackFideId "2500434"]
[PlyCount "45"]
[Venue "Talbot Hotel, Stillorgan"]
[EventDate "2019.08.03"]

{ Event information: <a
href="http://www.irlchess.com/pairings_irlch2019.html">Tournament
report</a>. }

1. e4 e6 2. d4 d5 3. Nc3 Nf6 4. e5 Nfd7 5. f4 c5 6. Nf3 Nc6 7. Be3 Be7 8.
Qd2 O-O 9. dxc5 Qa5 10. a3 Bxc5 11. O-O-O a6 12. Kb1 Bxe3 13. Qxe3 Qc5 14.
Qe1 Nb6 15. Bd3 Bd7 16. Qh4 h6 17. g4 Qe3 18. g5 Qxf3 19. gxh6 f5 20. hxg7
Rfc8 21. Rhg1 Kf7 22. g8=Q+ Rxg8 23. Qh7+ 1-0

[Event "Irish Championship 2019"]
[Site "Dublin IRL"]
[Date "2019.08.09"]
[Round "7.6"]
[White "Ryan, Joe"]
[Black "Kanyamarala, Tarun"]
[Result "1-0"]
[WhiteTitle "FM"]
[WhiteElo "2268"]
[BlackElo "2142"]
[WhiteICU "2281"]
[BlackICU "2110"]
[WhiteNationality "IRL"]
[BlackNationality "IRL"]
[WhiteFideId "2500426"]
[BlackFideId "45004714"]
[PlyCount "73"]
[Venue "Talbot Hotel, Stillorgan"]
[EventDate "2019.08.03"]

{ Event information: <a
href="http://www.irlchess.com/pairings_irlch2019.html">Tournament
report</a>. }

1. Nf3 d5 2. c4 e6 3. e3 Nf6 4. b3 b6 5. Bb2 Bb7 6. Nc3 Nbd7 7. g3 dxc4 8.
bxc4 c5 9. Bg2 Be7 10. O-O O-O 11. d3 Nb8 12. Qe2 Nc6 13. Rfd1 Qc7 14. Ne1
Rfe8 15. f4 Bf8 16. g4 Na5 17. g5 Nd7 18. h4 e5 19. Nd5 Bxd5 20. Bxd5 exf4
21. Bxa8 Rxa8 22. Qf3 Nc6 23. exf4 g6 24. Ng2 Bg7 25. Bxg7 Kxg7 26. Ne3 Rf8
27. Nd5 Qd6 28. Re1 Nd4 29. Qf2 Nf5 30. Re4 f6 31. Rae1 b5 32. Re6 Qb8 33.
gxf6+ Nxf6 34. Nxf6 Rxf6 35. Rxf6 Kxf6 36. Qxc5 Qxf4 $2 (36... bxc4 $18)
37. Qf8# 1-0

[Event "Irish Championship 2019"]
[Site "Dublin IRL"]
[Date "2019.08.09"]
[Round "7.7"]
[White "Murray, David"]
[Black "Delaney, Killian"]
[Result "1/2-1/2"]
[WhiteElo "2126"]
[BlackElo "2247"]
[WhiteICU "2121"]
[BlackICU "2214"]
[WhiteClub "Gonzaga"]
[BlackClub "Gonzaga"]
[WhiteNationality "IRL"]
[BlackNationality "IRL"]
[WhiteFideId "2501511"]
[BlackFideId "2501570"]
[PlyCount "128"]
[Venue "Talbot Hotel, Stillorgan"]
[EventDate "2019.08.03"]

{ Event information: <a
href="http://www.irlchess.com/pairings_irlch2019.html">Tournament
report</a>. }

1. e4 c6 2. d4 d5 3. Nd2 dxe4 4. Nxe4 Nf6 5. Nxf6+ exf6 6. c3 Bd6 7. Bd3
O-O 8. Qc2 Re8+ 9. Ne2 h5 10. Be3 Nd7 11. O-O-O Nf8 12. Qd2 b5 13. Ng3 g6
14. Bf4 f5 15. Bxd6 Qxd6 16. Qh6 Qd5 17. Rhe1 Bd7 18. Kb1 Rxe1 19. Rxe1
Qxg2 20. Qf4 Re8 21. Rxe8 Bxe8 22. Ne2 Bd7 23. Nc1 Be6 24. Qg3 Bd5 25. Kc2
Ne6 26. Kd2 Qxg3 27. hxg3 f4 28. b3 fxg3 29. fxg3 g5 30. Ke3 h4 31. gxh4
gxh4 32. Kf2 Nf4 33. Bf5 Kg7 34. Nd3 Kf6 35. Bh7 Nxd3+ 36. Bxd3 Kg5 37. c4
bxc4 38. bxc4 Bh1 39. Kg1 Bf3 40. Kf2 Kf4 41. Bf1 Be4 42. a3 a5 43. Bh3 f6
44. Bf1 f5 45. Bh3 Bd3 46. Bg2 Bxc4 47. Bxc6 h3 48. Bf3 a4 $2 ({ This
doesn't throw away the win, but it complicates it unnecessarily: it never
helps to have this pawn on a light-coiloured square. The simplest win was }
48... Bd3) 49. Bb7 Bd3 50. d5 Ke5 51. Kg3 Be4 52. Kxh3 Bxd5 53. Bc8 Kf4 $2
(53... f4 $19) 54. Bd7 $10 Bb3 55. Kg2 Ke4 56. Kf2 (56. Bxf5+ $10) 56... f4
57. Be8 Ke5 58. Kf3 Bd1+ 59. Kf2 Ke4 60. Bc6+ Kd4 61. Be8 Kc3 62. Bxa4 Bxa4
63. Kf3 Kb3 64. Kxf4 Kxa3 1/2-1/2

[Event "Irish Championship 2019"]
[Site "Dublin IRL"]
[Date "2019.08.09"]
[Round "7.8"]
[White "Carroll, Peter"]
[Black "Quinn, Mark"]
[Result "0-1"]
[BlackTitle "IM"]
[WhiteElo "2062"]
[BlackElo "2383"]
[WhiteICU "2035"]
[BlackICU "2318"]
[WhiteClub "Gonzaga"]
[BlackClub "Kilkenny"]
[WhiteNationality "IRL"]
[BlackNationality "IRL"]
[WhiteFideId "2510243"]
[BlackFideId "2500450"]
[PlyCount "54"]
[Venue "Talbot Hotel, Stillorgan"]
[EventDate "2019.08.03"]

{ Event information: <a
href="http://www.irlchess.com/pairings_irlch2019.html">Tournament
report</a>. }

1. e4 e6 2. d4 d5 3. Nc3 Nf6 4. e5 Nfd7 5. f4 c5 6. Nf3 Nc6 7. Be3 Be7 8.
Qd2 a6 9. dxc5 Nxc5 10. Nd4 Bd7 11. Be2 b5 12. Bf3 Nxd4 13. Bxd4 b4 14. Nd1
Bb5 15. Nf2 O-O 16. Nd3 Ne4 17. Qe3 Rc8 18. Bb6 Qd7 19. Rc1 Rc6 20. Nf2 Nc5
21. Bxc5 Bxc5 22. Qd2 Qa7 23. Ng4 h5 24. Nf6+ gxf6 25. exf6 Be3 26. Qd1
Bf2+ 27. Kd2 Qd4# 0-1

[Event "Irish Championship 2019"]
[Site "Dublin IRL"]
[Date "2019.08.09"]
[Round "7.9"]
[White "Kanyamarala, Trisha"]
[Black "O'Connell, Gerard"]
[Result "1-0"]
[WhiteElo "2238"]
[BlackElo "2106"]
[WhiteICU "1990"]
[BlackICU "2052"]
[BlackClub "St. Benildus"]
[WhiteNationality "IRL"]
[BlackNationality "IRL"]
[WhiteFideId "45004722"]
[BlackFideId "2500493"]
[PlyCount "41"]
[Venue "Talbot Hotel, Stillorgan"]
[EventDate "2019.08.03"]

{ Event information: <a
href="http://www.irlchess.com/pairings_irlch2019.html">Tournament
report</a>. }

1. d4 Nf6 2. c4 g6 3. f3 d5 4. cxd5 Nxd5 5. e4 Nb6 6. Nc3 Bg7 7. Be3 O-O 8.
Qd2 Nc6 9. O-O-O Qd6 10. Nb5 Qd7 11. Bh6 a6 12. Nc3 Qxd4 13. Qf4 Qe5 14.
Qe3 Bxh6 15. Qxh6 Be6 16. f4 Qg7 17. Qg5 Rad8 18. Rxd8 Rxd8 19. Nf3 Nd4 20.
Qxe7 Nxf3 $4 (20... Rc8 $15) 21. Qxd8+ 1-0

[Event "Irish Championship 2019"]
[Site "Dublin IRL"]
[Date "2019.08.09"]
[Round "7.10"]
[White "Melaugh, Shane"]
[Black "O'Gorman, Tom"]
[Result "0-1"]
[BlackTitle "FM"]
[WhiteElo "2077"]
[BlackElo "2229"]
[WhiteICU "2108"]
[BlackICU "2208"]
[WhiteClub "Elm Mount"]
[BlackClub "Dun Laoghaire"]
[WhiteNationality "IRL"]
[BlackNationality "IRL"]
[WhiteFideId "2509580"]
[BlackFideId "2508249"]
[PlyCount "90"]
[Venue "Talbot Hotel, Stillorgan"]
[EventDate "2019.08.03"]

{ Event information: <a
href="http://www.irlchess.com/pairings_irlch2019.html">Tournament
report</a>. }

1. c4 Nf6 2. Nc3 e5 3. Nf3 Nc6 4. e4 Bc5 5. Nxe5 Nxe5 6. d4 Bb4 7. dxe5
Nxe4 8. Qf3 f5 9. exf6 O-O 10. Be2 Qxf6 11. O-O Nxc3 12. bxc3 Bxc3 13. Rb1
d6 14. Be3 Qe5 15. Qd5+ Qxd5 16. cxd5 Ba5 17. Rfc1 Rf7 18. Rc4 Bb6 19. Rbc1
Bd7 20. Bxb6 axb6 21. Rxc7 Rxa2 22. Bf3 Bf5 23. Rxf7 Kxf7 24. g4 Rc2 25.
Rb1 Rxf2 26. Rb3 Bc2 27. Rc3 Rd2 28. Rc7+ Kf6 29. Rxb7 Ke5 30. Rxg7 b5 31.
Rb7 Bd3 32. Bg2 h6 33. Rb6 Bc4 34. Rb8 Kf4 35. Re8 Bxd5 36. Bxd5 Rxd5 37.
h3 Kf3 38. Re6 b4 39. Rxh6 Rd1+ 40. Kh2 Rd2+ 41. Kg1 b3 42. Rf6+ Kg3 43.
Rf1 b2 44. Re1 Rc2 45. Re3+ Kf4 0-1

[Event "Irish Championship 2019"]
[Site "Dublin IRL"]
[Date "2019.08.09"]
[Round "7.11"]
[White "Wallace, Paul"]
[Black "Byrne, Alex"]
[Result "0-1"]
[WhiteElo "2171"]
[BlackElo "1963"]
[WhiteICU "2159"]
[BlackICU "1905"]
[WhiteClub "Kilkenny"]
[BlackClub "St. Benildus"]
[WhiteNationality "IRL"]
[BlackNationality "IRL"]
[WhiteFideId "2500892"]
[BlackFideId "2508788"]
[PlyCount "62"]
[Venue "Talbot Hotel, Stillorgan"]
[EventDate "2019.08.03"]

{ Event information: <a
href="http://www.irlchess.com/pairings_irlch2019.html">Tournament
report</a>. }

1. e4 e6 2. d4 d5 3. Nd2 Nf6 4. e5 Nfd7 5. Bd3 c5 6. c3 Nc6 7. Ne2 cxd4 8.
cxd4 f6 9. exf6 Nxf6 10. Nf3 Bd6 11. O-O O-O 12. Bf4 Nxd4 13. Nfxd4 e5 14.
Bg5 exd4 15. Nxd4 Qe8 16. Nb5 Bxh2+ 17. Kxh2 Ng4+ 18. Kg3 Qh5 19. f4 Qh2+
20. Kf3 Ne5+ 21. Ke3 Bg4 22. Qd2 Rae8 23. Kd4 Nxd3 24. Qxd3 Qxg2 25. Nc3
Bf5 26. Qd1 Qxb2 27. Qb3 Qd2+ 28. Kc5 Rc8+ 29. Kb4 a5+ 30. Kb5 Rxc3 31. Qa4
Bd7+ 0-1

[Event "Irish Championship 2019"]
[Site "Dublin IRL"]
[Date "2019.08.09"]
[Round "7.12"]
[White "Melaugh, Gavin"]
[Black "O'Connor, Jonathan"]
[Result "0-1"]
[WhiteElo "2025"]
[BlackElo "2165"]
[WhiteICU "2102"]
[BlackICU "2099"]
[WhiteClub "T.C.D."]
[BlackClub "Dublin"]
[WhiteNationality "IRL"]
[BlackNationality "IRL"]
[WhiteFideId "2509571"]
[BlackFideId "2501112"]
[PlyCount "80"]
[Venue "Talbot Hotel, Stillorgan"]
[EventDate "2019.08.03"]

{ Event information: <a
href="http://www.irlchess.com/pairings_irlch2019.html">Tournament
report</a>. }

1. e4 e5 2. Nf3 Nc6 3. d4 exd4 4. Bc4 Nf6 5. Ng5 d5 6. exd5 Qe7+ 7. Kf1 Ne5
8. Qxd4 Nxc4 9. Qxc4 Qc5 10. Qxc5 Bxc5 11. c4 Bf5 12. Ke2 h6 13. Nf3 O-O-O
14. Rd1 Rhe8+ 15. Kf1 Ng4 16. Rd2 Nxf2 17. b4 Be3 18. Rxf2 Bd3+ 19. Kg1
Bxc1 20. Nbd2 Ba3 21. Re1 Bxb4 22. Ne5 Bxc4 23. Rb1 Bxd5 24. Rxb4 Rxe5 25.
a4 Re1+ 26. Rf1 Rxf1+ 27. Nxf1 c5 28. Rg4 g5 29. Ne3 Be6 30. Re4 Rd4 31.
Re5 b6 32. a5 Kd7 33. axb6 axb6 34. Nc2 Rd1+ 35. Kf2 Rd2+ 36. Re2 Rxe2+ 37.
Kxe2 b5 38. Ne3 f5 39. g3 Kd6 40. h4 Ke5 0-1

[Event "Irish Championship 2019"]
[Site "Dublin IRL"]
[Date "2019.08.09"]
[Round "7.13"]
[White "Kennedy, John P. A."]
[Black "Fox, Anthony"]
[Result "1/2-1/2"]
[WhiteElo "2050"]
[BlackElo "2020"]
[WhiteICU "1981"]
[BlackICU "1982"]
[WhiteClub "Dublin"]
[BlackClub "Dun Laoghaire"]
[WhiteNationality "IRL"]
[BlackNationality "IRL"]
[WhiteFideId "2501120"]
[BlackFideId "2500736"]
[PlyCount "61"]
[Venue "Talbot Hotel, Stillorgan"]
[EventDate "2019.08.03"]

{ Event information: <a
href="http://www.irlchess.com/pairings_irlch2019.html">Tournament
report</a>. }

1. Nf3 d5 2. g3 Nf6 3. Bg2 Bg4 4. O-O c6 5. d3 e6 6. Qe1 Be7 7. e4 O-O 8.
e5 Ne8 9. h3 Bh5 10. g4 Bg6 11. Bf4 c5 12. Qe2 Nc6 13. Nbd2 Nc7 14. Rfe1 a5
15. Nf1 a4 16. a3 Ra6 17. Ng3 Nd4 18. Nxd4 cxd4 19. Qd2 h6 20. Ne2 Nb5 21.
Bh2 Qa5 22. Qd1 Rc6 23. Nf4 Nc7 24. Nh5 Qc5 25. Rc1 Qb5 26. Rb1 Qc5 27. Re2
b5 28. Bf4 Kh7 29. Qd2 Bxh5 30. gxh5 b4 31. axb4 1/2-1/2

[Event "Irish Championship 2019"]
[Site "Dublin IRL"]
[Date "2019.08.09"]
[Round "7.14"]
[White "Murphy, Sean J."]
[Black "Mirza, Diana"]
[Result "1/2-1/2"]
[BlackTitle "WFM"]
[WhiteElo "1875"]
[BlackElo "1973"]
[WhiteICU "1939"]
[BlackICU "1986"]
[WhiteClub "Cork"]
[BlackClub "St. Michaels"]
[WhiteNationality "IRL"]
[BlackNationality "IRL"]
[WhiteFideId "2512742"]
[BlackFideId "2503999"]
[PlyCount "72"]
[Venue "Talbot Hotel, Stillorgan"]
[EventDate "2019.08.03"]
[WhiteFullName "Murphy, Se&aacute;n J."]

{ Event information: <a
href="http://www.irlchess.com/pairings_irlch2019.html">Tournament
report</a>. }

1. d4 Nf6 2. Nc3 d5 3. Bf4 c5 4. e3 a6 5. Nf3 Nc6 6. Ne5 e6 7. Be2 Be7 8.
O-O O-O 9. Bf3 Nd7 10. Nxd7 Bxd7 11. Ne2 g5 12. Bg3 f5 13. h3 Be8 14. c4
cxd4 15. cxd5 exd5 16. Nxd4 Rf6 17. Rc1 Rc8 18. Qb3 Nxd4 19. Qxd5+ Ne6 20.
Qxb7 Nc5 21. Qd5+ Bf7 22. Qe5 Bd6 23. Qc3 Bxg3 24. fxg3 Be6 25. Rfd1 Qf8
26. Bd5 Bxd5 27. Rxd5 Rfc6 28. Qc4 Ne6 29. Qxc6 Rxc6 30. Rxc6 Qf7 31. Rxa6
f4 32. gxf4 gxf4 33. exf4 Nxf4 34. Rg5+ Ng6 35. Rga5 Qf4 36. Ra4 Qc1+
1/2-1/2

[Event "Irish Championship 2019"]
[Site "Dublin IRL"]
[Date "2019.08.09"]
[Round "7.15"]
[White "Butler, Kevin C."]
[Black "Lyons, Brendan"]
[Result "0-1"]
[WhiteElo "2048"]
[BlackElo "1967"]
[WhiteICU "1966"]
[BlackICU "1898"]
[WhiteClub "Phibsboro"]
[BlackClub "St. Benildus"]
[WhiteNationality "IRL"]
[BlackNationality "IRL"]
[WhiteFideId "2501538"]
[BlackFideId "2500698"]
[PlyCount "46"]
[Venue "Talbot Hotel, Stillorgan"]
[EventDate "2019.08.03"]

{ Event information: <a
href="http://www.irlchess.com/pairings_irlch2019.html">Tournament
report</a>. }

1. e4 d5 2. exd5 Nf6 3. Bb5+ Nbd7 4. c4 a6 5. Bxd7+ Bxd7 6. d4 b5 7. b3
bxc4 8. bxc4 e6 9. dxe6 Bxe6 10. d5 Bg4 11. f3 Bf5 12. Ne2 Bc5 13. Ba3 Nd7
14. Bxc5 Nxc5 15. O-O O-O 16. Qd4 Qe7 17. Nbc3 Rfe8 18. Ng3 Bg6 19. Rfe1
Qxe1+ 20. Rxe1 Rxe1+ 21. Kf2 Nd3+ 22. Qxd3 Bxd3 23. Kxe1 Bxc4 0-1

[Event "Irish Championship 2019"]
[Site "Dublin IRL"]
[Date "2019.08.09"]
[Round "7.16"]
[White "Haque, Muhtarim-Ul"]
[Black "McCarthy, Tim"]
[Result "1-0"]
[WhiteElo "2036"]
[BlackElo "2018"]
[WhiteICU "2031"]
[BlackICU "1964"]
[WhiteClub "Rathmines"]
[BlackClub "St. Benildus"]
[WhiteNationality "IRL"]
[BlackNationality "IRL"]
[WhiteFideId "2509415"]
[BlackFideId "2500710"]
[PlyCount "63"]
[Venue "Talbot Hotel, Stillorgan"]
[EventDate "2019.08.03"]

{ Event information: <a
href="http://www.irlchess.com/pairings_irlch2019.html">Tournament
report</a>. }

1. d4 Nf6 2. c4 e6 3. Nf3 d5 4. Bg5 Be7 5. Nc3 O-O 6. e3 h6 7. Bh4 b6 8.
Rc1 c5 9. Bd3 Bb7 10. O-O Nbd7 11. Qe2 Ne4 12. Bxe7 Qxe7 13. cxd5 exd5 14.
Ba6 Ndf6 15. Bxb7 Qxb7 16. dxc5 bxc5 17. Nxe4 Nxe4 18. Rc2 Rfe8 19. Qd3
Rad8 20. h3 Qb6 21. b3 Re6 22. Rd1 Rdd6 23. Rcc1 Qd8 24. Nd2 c4 25. Qc2
Nxf2 26. Kxf2 Qh4+ 27. Kg1 Rxe3 28. Nxc4 dxc4 29. Rxd6 Re1+ 30. Kh2 Re3 31.
Rc6 Qf4+ 32. Kg1 1-0

[Event "Irish Championship 2019"]
[Site "Dublin IRL"]
[Date "2019.08.09"]
[Round "7.17"]
[White "Haque, Mustakim-Ul"]
[Black "Moran, Darragh"]
[Result "0-1"]
[WhiteElo "1947"]
[BlackElo "1847"]
[WhiteICU "1918"]
[BlackICU "1828"]
[WhiteClub "Rathmines"]
[BlackClub "Gonzaga"]
[WhiteNationality "IRL"]
[BlackNationality "IRL"]
[WhiteFideId "2509334"]
[BlackFideId "2510294"]
[PlyCount "92"]
[Venue "Talbot Hotel, Stillorgan"]
[EventDate "2019.08.03"]

{ Event information: <a
href="http://www.irlchess.com/pairings_irlch2019.html">Tournament
report</a>. }

1. Nf3 Nf6 2. g3 d5 3. Bg2 e6 4. d4 Be7 5. c4 O-O 6. O-O dxc4 7. Qc2 a6 8.
Qxc4 b5 9. Qc2 Bb7 10. Bd2 Be4 11. Qc1 c6 12. Rd1 Bxf3 13. Bxf3 Qxd4 14.
Be3 Qe5 15. Bf4 Qc5 16. Qxc5 Bxc5 17. Nd2 Nd5 18. Rac1 Bb6 19. Bxb8 Raxb8
20. Bxd5 cxd5 21. Nf3 Rbc8 22. Ne5 Rfe8 23. Nc6 Kf8 24. Rc3 Rc7 25. Kg2
Rec8 26. Rdc1 Ke8 27. Kf3 f6 28. e4 Kd7 29. exd5 exd5 30. Nb4 Rxc3+ 31.
Rxc3 Rxc3+ 32. bxc3 Kd6 33. Nxa6 Ba5 34. Nb4 Kc5 35. Nd3+ Kc4 36. Nf4 Kxc3
37. Nxd5+ Kb2 38. Ke4 Kxa2 39. Kf5 Kb3 40. h4 Kc4 41. Ke6 Be1 42. Ne3+ Kd3
43. Kf7 Bxf2 44. Nd1 Bd4 45. Kxg7 h5 46. Kh6 Kd2 0-1

[Event "Irish Championship 2019"]
[Site "Dublin IRL"]
[Date "2019.08.09"]
[Round "7.18"]
[White "O'Gorman, Alice"]
[Black "Flynn, Jacob"]
[Result "0-1"]
[WhiteElo "1966"]
[BlackElo "1973"]
[WhiteICU "1869"]
[BlackICU "2028"]
[WhiteClub "T.C.D."]
[BlackClub "Malahide"]
[WhiteNationality "IRL"]
[BlackNationality "IRL"]
[WhiteFideId "2508214"]
[BlackFideId "2509393"]
[PlyCount "60"]
[Venue "Talbot Hotel, Stillorgan"]
[EventDate "2019.08.03"]

{ Event information: <a
href="http://www.irlchess.com/pairings_irlch2019.html">Tournament
report</a>. }

1. e4 g6 2. d4 Bg7 3. Nc3 d6 4. Be3 a6 5. h3 b5 6. g4 Bb7 7. Bg2 Nd7 8.
Nge2 c5 9. Ng3 Rc8 10. O-O Nb6 11. Nce2 Nc4 12. Bc1 cxd4 13. Nxd4 Qc7 14.
Kh1 Nf6 15. f4 h6 16. a4 b4 17. b3 Na5 18. Qd2 Qc3 19. Qxc3 Rxc3 20. Nge2
Rc8 21. e5 Ne4 22. Re1 dxe5 23. fxe5 Bxe5 24. Bf4 Bg7 25. Bh2 O-O 26. Bg1
e5 27. Nf3 Rxc2 28. Bh2 Nf2+ 29. Kg1 Nd3 30. Red1 Rxe2 0-1

[Event "Irish Championship 2019"]
[Site "Dublin IRL"]
[Date "2019.08.09"]
[Round "7.19"]
[White "Harding, Tim"]
[Black "Cafolla, Peter"]
[Result "1-0"]
[WhiteTitle "CM"]
[WhiteElo "2028"]
[BlackElo "1975"]
[WhiteICU "1973"]
[BlackICU "1959"]
[WhiteClub "T.C.D."]
[BlackClub "Rathmines"]
[WhiteNationality "IRL"]
[BlackNationality "IRL"]
[WhiteFideId "2500256"]
[BlackFideId "2500884"]
[PlyCount "75"]
[Venue "Talbot Hotel, Stillorgan"]
[EventDate "2019.08.03"]

{ Event information: <a
href="http://www.irlchess.com/pairings_irlch2019.html">Tournament
report</a>. }

1. Nf3 c5 2. c4 e6 3. e3 d5 4. d4 Nc6 5. a3 Nf6 6. dxc5 Bxc5 7. b4 Bd6 8.
Bb2 O-O 9. Nbd2 Re8 10. Bd3 Bd7 11. O-O Qe7 12. e4 dxe4 13. Nxe4 Nxe4 14.
Bxe4 f5 15. Bd3 Rad8 16. c5 Bc7 17. Qc2 Qf8 18. Rfe1 a6 19. Rad1 Kh8 20.
Bc4 Qf7 21. Rd3 Re7 22. Qd2 Bc8 23. Rxd8+ Bxd8 24. Re3 Re8 25. a4 Bf6 26.
b5 Rd8 27. Rd3 Rxd3 28. Bxd3 axb5 29. axb5 Bxb2 30. Qxb2 Qd7 31. Bf1 Nd8
32. Qe5 Nf7 33. Qb8 g5 34. h4 gxh4 35. Nxh4 Qd8 36. Nf3 Kg7 37. Ne5 Bd7 38.
Qxd8 1-0

[Event "Irish Championship 2019"]
[Site "Dublin IRL"]
[Date "2019.08.10"]
[Round "8.1"]
[White "Collins, Sam"]
[Black "Murphy, Conor E."]
[Result "0-1"]
[WhiteTitle "IM"]
[BlackTitle "FM"]
[WhiteElo "2448"]
[BlackElo "2315"]
[WhiteICU "2422"]
[BlackICU "2354"]
[WhiteClub "Gonzaga"]
[BlackClub "Charlton ENG"]
[WhiteNationality "IRL"]
[BlackNationality "IRL"]
[WhiteFideId "2501198"]
[BlackFideId "421669"]
[PlyCount "132"]
[Venue "Talbot Hotel, Stillorgan"]
[EventDate "2019.08.03"]

{ Event information: <a
href="http://www.irlchess.com/pairings_irlch2019.html">Tournament
report</a>. }

1. c4 e6 2. g3 d5 3. Bg2 Nf6 4. Nf3 Be7 5. d4 O-O 6. Qc2 c5 7. O-O cxd4 8.
Nxd4 Nc6 9. Nxc6 bxc6 10. Rd1 Ba6 11. b3 Qb6 12. Be3 Bc5 13. Bxc5 Qxc5 14.
Nd2 Rfd8 15. e3 Rac8 16. Rac1 h6 17. Bf1 Qe7 18. a3 Ng4 19. Qb2 Qg5 20. h3
Ne5 21. Kg2 Qf5 22. g4 Qf6 23. Qa1 dxc4 24. Nxc4 Qf3+ 25. Kg1 Nxc4 26. bxc4
c5 27. Bg2 Qe2 28. Bf1 Rxd1 29. Rxd1 Qc2 30. Rc1 Qa4 31. Qc3 Bb7 32. Bg2
Bxg2 33. Kxg2 Qc6+ 34. Kg3 Rd8 35. Qe5 f6 36. Qf4 Qb7 37. Qf3 Qb2 38. Rd1
Qe5+ 39. Kg2 Rxd1 40. Qxd1 Qe4+ 41. Qf3 Qxc4 42. Qa8+ Kh7 43. Qxa7 Qd5+ 44.
Kg3 c4 45. Qc7 Qd3 46. h4 c3 47. g5 fxg5 48. hxg5 h5 49. Qc6 c2 50. a4 Qf5
51. f4 Qd3 52. Kh4 Qf5 53. Kg3 e5 54. Qc4 exf4+ 55. exf4 Kg6 56. Qc6+ Kf7
57. Qc7+ Ke8 58. Qb8+ Kd7 59. Qb7+ Kd6 60. Qb6+ Kd5 61. Qb5+ Ke4 62. Qb4+
Ke3 63. Qb6+ Kd2 64. Qb4+ Ke2 65. Qe7+ Kf1 66. Kf3 Qd3+ 0-1

[Event "Irish Championship 2019"]
[Site "Dublin IRL"]
[Date "2019.08.10"]
[Round "8.2"]
[White "Lopez, Alex"]
[Black "Li, Henry"]
[Result "1/2-1/2"]
[WhiteTitle "IM"]
[BlackTitle "FM"]
[WhiteElo "2431"]
[BlackElo "2287"]
[WhiteICU "2444"]
[BlackICU "2248"]
[WhiteClub "Cork"]
[BlackClub "Gonzaga"]
[WhiteNationality "IRL"]
[BlackNationality "IRL"]
[WhiteFideId "2501430"]
[BlackFideId "2508524"]
[PlyCount "80"]
[Venue "Talbot Hotel, Stillorgan"]
[EventDate "2019.08.03"]

{ Event information: <a
href="http://www.irlchess.com/pairings_irlch2019.html">Tournament
report</a>. }

1. d4 Nf6 2. Bf4 g6 3. Nc3 d5 4. e3 c6 5. h3 Qb6 6. a3 Bg7 7. Nf3 h6 8. b4
Qd8 9. Bd3 Be6 10. O-O Nbd7 11. Bh2 a5 12. Ne2 O-O 13. Nf4 Bf5 14. b5 Bxd3
15. Qxd3 c5 16. c4 e6 17. cxd5 Nxd5 18. Rad1 Nxf4 19. Bxf4 cxd4 20. Bg3 Nc5
21. Qc2 Rc8 22. Nxd4 Qb6 23. a4 e5 24. Ne2 Rfd8 25. Rxd8+ Rxd8 26. Rc1 Nd3
27. Qc7 Qxc7 28. Rxc7 b6 29. Rc6 Nc5 30. Rxb6 Rd2 31. Rc6 Nxa4 32. Nc1 Rd5
33. Rc8+ Kh7 34. Rc7 Kg8 35. Rc8+ Kh7 36. Rc7 f6 37. Nb3 Rxb5 38. Nd2 Rc5
39. Ra7 Nc3 40. Nb3 Ne2+ 1/2-1/2